000 00855nam a2200253 a 4500
005 20240925064734.0
008 010709s1992 mx r 000 0 spa d
020 _a8487553265
035 _aUPN01000109377
049 _aCG
050 4 _aGF75
_bM9.48
100 1 _aMyers, Norman
245 1 3 _aEl futuro de la tierra :
_bsoluciones a la crisis medioambiental en una era de cambio /
_cNorman Myers ; tr. Francisco García Téllez
260 _aMadrid Esp. :
_bCeleste,
_c1992
300 _a189 p. :
_bil.
440 0 _aAtlas Gaia
534 _ptraducción de:
_tThe Gaia atlas of future worlds : challenge and opportunity.
650 4 _aHombre
_xInfluencia en la naturaleza
_910359
650 7 _aPolítica ambiental
_2
_91340
740 0 _aAtlas gaia : el futuro de la tierra
901 _a172068/172069/172070
902 _aLG/rng
905 _aLibro
999 _c83288
_d83288